000 00275nam a2200097Ia 4500
001 1300088
005 20260420095857.0
008 260420s9999 xx 000 0 und d
245 0 _aALPER - HER ZAMAN KAZANMAK İSTİYORUM
_cNURŞEN ŞİRİN
260 _bTİMAŞ ÇOCUK YAYINLARI
999 _c1300088
_d1300088